[Event "Santiago de Chile op"]
[Site "Santiago de Chile"]
[Date "2011.09.12"]
[Round "3"]
[White "Andrade, Rodrigo"]
[Black "Bartucevic Sanchez, Diego"]
[Result "0-1"]
[WhiteElo "1920"]
[BlackElo "2070"]
[PlyCount "166"]
[EventDate "2011.09.07"]
[EventType "swiss"]
[EventRounds "9"]
[EventCountry "CHI"]
[SourceTitle "EXT 2012"]
[Source "ChessBase"]
[SourceDate "2011.11.24"]
[SourceVersion "1"]
[SourceVersionDate "2011.11.24"]
[SourceQuality "1"]

1. e4 c5 2. Nf3 Nf6 3. Nc3 d5 4. exd5 Nxd5 5. Ne4 Nc6 6. Bc4 e5 7. d3 Be7 8. 0-0 0-0 9. c3 Bg4 10. h3 Be6 11. Nfg5 Bf5 12. Qe2 Bg6 13. Be3 Kh8 14. Rad1 Re8 15. Qf3 Nxe3 16. Qxe3 Bxg5 17. Nxg5 Qe7 18. Bd5 Rac8 19. Rfe1 f6 20. Ne4 b6 21. Bb3 Qc7 22. Ba4 a6 23. Qg3 b5 24. Bc2 Ne7 25. Bb1 Nf5 26. Qg4 Red8 27. h4 Nh6 28. Qg3 Bh5 29. f3 Qd7 30. Qf2 Qd5 31. g4 Be8 32. Rd2 Qc6 33. Red1 Bg6 34. Ng3 Rf8 35. h5 Bf7 36. d4 Bd5 37. Be4 Nxg4 38. fxg4 Bxe4 39. d5 Qd7 40. Nxe4 Qxg4+ 41. Ng3 f5 42. Kh1 f4 43. Ne4 Rf5 44. Qg1 Qf3+ 45. Qg2 Qxh5+ 46. Kg1 f3 47. Qg3 Rf4 48. Nf2 Rf6 49. Kf1 e4 50. Qg4 Qxg4 51. Nxg4 Rf4 52. Ne3 g5 53. Rh2 Kg7 54. Kf2 Rh8 55. d6 Rf7 56. Rd5 h6 57. Rxc5 Rd8 58. Rc6 Rdd7 59. Rxa6 Kg6 60. Ng4 Kf5 61. Nxh6+ Kf4 62. Nxf7 e3+ 63. Kf1 Rxf7 64. Rb6 Rf5 65. d7 Rd5 66. Ke1 Kg3 67. Rc2 Rxd7 68. Rxb5 g4 69. Rh5 Kf4 70. c4 g3 71. Rh4+ Kg5 72. Rh3 Kg4 73. Rh8 Rg7 74. Rh1 g2 75. Rg1 Kg3 76. Rcxg2+ fxg2 77. Ke2 Kf4 78. a3 Ke4 79. b4 Rd7 80. c5 Rd2+ 81. Ke1 Kd3 82. Rxg2 Rxg2 83. Kd1 Ra2 0-1

[Event "Santiago Endesa 07"]
[Site "Santiago de Chile"]
[Date "2010.06.18"]
[Round "6"]
[White "Andrade, Rodrigo"]
[Black "Zamora Munoz, Nelson Manuel"]
[Result "0-1"]
[WhiteElo "1931"]
[BlackElo "1965"]
[PlyCount "78"]
[EventDate "2010.06.07"]
[EventType "tourn"]
[EventRounds "11"]
[EventCountry "CHI"]
[SourceTitle "EXT 2012"]
[Source "ChessBase"]
[SourceDate "2011.11.24"]
[SourceVersion "1"]
[SourceVersionDate "2011.11.24"]
[SourceQuality "1"]

1. e4 e6 2. d4 d5 3. exd5 exd5 4. Bd3 Nf6 5. Bf4 Bd6 6. Bxd6 Qxd6 7. Nf3 0-0 8. 0-0 Bg4 9. Nbd2 Nbd7 10. c3 c5 11. Qc2 b6 12. Rfe1 Rfe8 13. Bf5 Bh5 14. Qa4 a5 15. Rac1 g6 16. Bxd7 Nxd7 17. dxc5 Rxe1+ 18. Rxe1 Nxc5 19. Qd4 Bxf3 20. Nxf3 Rd8 21. Qh4 f6 22. Nd4 Kg7 23. b4 axb4 24. cxb4 Ne4 25. f3 Ng5 26. Qf2 Rc8 27. h4 Nf7 28. a3 Ne5 29. Qg3 Kf7 30. f4 Nd7 31. Re6 Rc1+ 32. Kh2 Qc7 33. Qe3 Nf8 34. Re8 Rc3 35. Rxf8+ Kxf8 36. Qd2 Qc4 37. Nf3 Rd3 38. Qb2 Qxf4+ 39. Kh3 Rd1 0-1